1820 1676 1105 1398 1394 1040 1791 1762 1894 1419 1636 1821 1796 1519 1610 1535 1667 1628 1481 1383 1283 1438 1496 1086 1987 1428 1907 1139 1403 1080 1375 1443 1826 1814 1097 1181 1620 1456 1820 1506 1048 1429 1183 1657 1226 1599 1351 1644 1112 1484 1654 1591 1285 1389 1589 1912 1830 1592 1908 1599 1985 1735 1239 1514 1836 1561 1663 1763 1198 1052 1048 1424 1304 1892 1264 1345 1688 1585 1458 1278 1096 1784 1992 1707 1699 1978 1724 1626 1419 1239 1006 1933 1665 1622 1617 1417 1740 1472 1747 BCNSPRNW ULIB Ver.6.0+V

เปลี่ยนเป็นภาษาไทย

Change to English
 แสดงรายละเอียดบรรณานุกรม
  กลับหน้าหลัก

Brief Record : Get Marc (ISO 2709) : E-mail record : QR code < ปิดหน้าต่าง
LEADER : 00000nam 2200000uu 4500
001    13399122988
003     ULIB
008    131121s2551||||th 000 0 tha d
020    ^a9789741016938
041 1  ^atha^heng
060 04 ^aW20.55.H9^bร451
245 00 ^aรายงานเบลมองต์ =^bThe Belmont report /^cแปลโดย วิชัย โชควิวัฒน,ทิพิชา โปษยานนท์
246 31 ^aThe Belmont report
250    ^aพิมพ์ครั้งที่ 1
260    ^aนนทบุรี :^bสถาบันพัฒนาการคุ้มครองการวิจัยในมนุษย์,^c2551
300    ^av, 37 หน้า ;^c24 ซม.
500    ^aท้ายเล่มมีต้นฉบับภาษาอังกฤษ
650  4 ^aการทดลองในมนุษย์^vคู่มือ
650  4 ^aวิจัย^xแง่ศีลธรรมจรรยา
700 0  ^aวิชัย โชควิวัฒน,^eผู้แปล
700 0  ^aทิพิชา โปษยานนท์,^eผู้แปล
710 2  ^aสถาบันพัฒนาการคุ้มครองการวิจัยในมนุษย์
856    ^zBalmont.pdf (Fulltext)^uhttp://192.168.190.19/ULIB6//_fulltext/fulltext/13399122988/20131121112005_4653.pdf
945    ^p0^l0^i034190
999    ^aเกษร โพธิ์สุวรรณ
รายการนี้ยังไม่มีแท็ก
คุณยังไม่ได้ล็อกอิน คุณสามารถมีกิจกรรมร่วมกับเว็บไซต์ได้ แต่ต้องล็อกอินก่อน ::
  ล็อกอิน

รายการสื่อสารสนเทศ

ลำดับที่ ประเภท เลขเรียก/บาร์โค้ด สถานที่ สถานะ
1. วิทยาศาสตร์การแพทย์ และสุขภาพ
หนังสือสำรอง
สถานะ=หนังสือสำรอง
W20.55.H9 ร451 ฉ.1 
  Barcode: 034190
ห้องสมุดวิทยาเขตสวรรค์ประชารักษ์
►หนังสือทั่วไป
บนชั้น

BibComment


ยังไม่เคยถูกคอมเมนท์

คอมเมนท์ทรัพยากรรายการนี้
  คอมเมนท์: รายงานเบลมองต์ ..


 Copyright 2026. Bcnsprnw @Library